Fnaf 2 A-Z - Statistics

General Stats
  • This quiz has been taken 67 times
  • The average score is 17 of 23
Answer Stats
Letter Hint Answer % Correct
P New animatronic in the music box Puppet
89%
B New battery stealing animatronic Balloon Boy
87%
N Player's occupation Night guard
87%
T How the new animatronics are classified Toy
87%
E Last name of William's partner Emily
85%
G This FNAF 1 easter egg returns in its withered state Golden Freddy
85%
W How the original animatronics are classified Withered
85%
J Easter egg under the desk JJ
83%
O The Player's main room Office
83%
V Multiple animatronics can crawl through here Vents
81%
M A take apart and put back together attraction Mangle
80%
U State Where the game takes place Utah
80%
C who posesses the Puppet? Charlotte
76%
Y Markiplier made a let's play on this video platform Youtube
76%
L What does Chica's new bib say Let's Party
74%
D Desk object that returns in every game Desk Fan
72%
H Sound that Freddy's nose makes Honk
67%
I Fnaf is an .... horror game Indie
65%
K One popular FNAF youtuber is Coryx... Kenshin
57%
A The minigames are made in the style of what console Atari
56%
R Shadow Bonnie's full name RWQFSFASXC
46%
S One of the Minigames Save Them
44%
F Night guard that got put on the day shift Fritz Smith
39%
No matching quizzes found
Score Distribution
Percent of People with Each Score
Percentile by Number Answered
Your Score History
You have not taken this quiz